All Big & Rich Songs - Statistics

General Stats
  • This quiz has been taken 7 times
  • The average score is 40 of 84
Answer Stats
Album Song % Correct
Comin' to Your City Comin' to Your City
100%
Horse of a Different Color Save a Horse (Ride a Cowboy)
100%
Between Raising Hell and Amazing Grace Between Raising Hell and Amazing Grace
80%
Gravity Gravity
80%
Comin' to Your City 20 Margaritas
60%
Comin' to Your City 8th of November
60%
Horse of a Different Color Big Time
60%
Comin' to Your City Blow My Mind
60%
Hillbilly Jedi Born Again
60%
Gravity Brand New Buzz
60%
Did It for the Party California
60%
Comin' to Your City Caught Up in the Moment
60%
Horse of a Different Color Deadwood Mountain
60%
Did It for the Party Did It for the Party
60%
Horse of a Different Color Drinkin' 'bout You
60%
Between Raising Hell and Amazing Grace Eternity
60%
Between Raising Hell and Amazing Grace Faster Than Angels Fly
60%
Comin' to Your City Filthy Rich
60%
Between Raising Hell and Amazing Grace High Five
60%
Horse of a Different Color Holy Water
60%
Between Raising Hell and Amazing Grace Intro
60%
Comin' to Your City I Pray for You
60%
Comin' to Your City Jalapeño
60%
Horse of a Different Color Kick My Ass
60%
Hillbilly Jedi Last Words
60%
Comin' to Your City Leap of Faith
60%
Horse of a Different Color Live This Life
60%
Gravity Look at You
60%
Between Raising Hell and Amazing Grace Lost in This Moment
60%
Between Raising Hell and Amazing Grace Loud
60%
Horse of a Different Color Love Train
60%
Comin' to Your City Never Mind Me
60%
Comin' to Your City Our America
60%
Between Raising Hell and Amazing Grace Please Man
60%
Between Raising Hell and Amazing Grace Radio
60%
Between Raising Hell and Amazing Grace Radio Intro
60%
Horse of a Different Color Real World
60%
Hillbilly Jedi Rock the Boat
60%
Horse of a Different Color Rollin' (The Ballad of Big & Rich)
60%
Gravity Run Away with You
60%
Horse of a Different Color Saved
60%
Horse of a Different Color Six Foot Town
60%
Comin' to Your City Slow Motion
60%
Comin' to Your City Soul Shaker
60%
Hillbilly Jedi That's Why I Pray
60%
Comin' to Your City The Freak Parade
60%
Between Raising Hell and Amazing Grace When the Devil Gets the Best of Me
60%
Horse of a Different Color Wild West Show
60%
Between Raising Hell and Amazing Grace You Never Stop Loving Somebody
60%
Between Raising Hell and Amazing Grace You Shook Me All Night Long
60%
Did It for the Party Congratulations (You're a Rockstar)
40%
Between Raising Hell and Amazing Grace Eternity Intro
40%
Between Raising Hell and Amazing Grace Everybody's Rockin'
40%
Hillbilly Jedi Get Your Game On (Unleash The Beat Version)
40%
Did It for the Party Lie, Cheat, or Steal
40%
Gravity Lose a Little Sleep
40%
Did It for the Party My Son
40%
Hillbilly Jedi Party Like Cowboyz (Galactic Version)
40%
Gravity Rollin' Along
40%
Single Stay Home
40%
Did It for the Party The Long Way Home
40%
Did It for the Party Wake Up Wanting You
40%
Did It for the Party We Came to Rawk
40%
Hillbilly Jedi Can't Be Satisfied
20%
Hillbilly Jedi Cause I Play Guitar
20%
Hillbilly Jedi Cheat On You
20%
Gravity Don't Wake Me Up
20%
Did It for the Party Freedom Road
20%
Did It for the Party Funk in the Country
20%
Gravity I Came to Git Down
20%
Hillbilly Jedi Lay It All On Me
20%
Gravity Lovin' Lately
20%
Hillbilly Jedi M-E-D-L-E-Y Of The Hillbilly Jedi
20%
Big & Rich's Super Galactic Fan Pak Never Been Down
20%
Hillbilly Jedi Never Far Away
20%
Did It for the Party No Sleep
20%
Did It for the Party Smoke in Her Eyes
20%
Gravity Thank God for Pain
20%
Gravity That Kind of Town
20%
Big & Rich's Super Galactic Fan Pak The Bob Song
20%
Did It for the Party Turns Me On
20%
Footloose (Soundtrack) Fake I.D.
0%
Big & Rich's Super Galactic Fan Pak 2 Find a Heart
0%
Between Raising Hell and Amazing Grace Woodstock
0%
No matching quizzes found
Score Distribution
Percent of People with Each Score
Percentile by Number Answered
Your Score History
You have not taken this quiz